Information Theory and Coding (Record no. 7584)
[ view plain ]
| 000 -LEADER | |
|---|---|
| fixed length control field | 00308nam a2200133Ia 4500 |
| 008 - FIXED-LENGTH DATA ELEMENTS--GENERAL INFORMATION | |
| fixed length control field | 191201s2011 xx 000 0 und d |
| 100 ## - MAIN ENTRY--PERSONAL NAME | |
| Personal name | MITTAL, Nitin |
| 245 #0 - TITLE STATEMENT | |
| Title | Information Theory and Coding |
| 250 ## - EDITION STATEMENT | |
| Edition statement | 3rd |
| 260 ## - PUBLICATION, DISTRIBUTION, ETC. (IMPRINT) | |
| Date of publication, distribution, etc | 2011 |
| Name of publisher, distributor, etc | Bharat |
| Place of publication, distribution, etc | Yamunanagar |
| 300 ## - PHYSICAL DESCRIPTION | |
| Extent | 511 |
| 650 ## - SUBJECT ADDED ENTRY--TOPICAL TERM | |
| Topical term or geographic name as entry element | ECE |
| 942 ## - ADDED ENTRY ELEMENTS (KOHA) | |
| Source of classification or shelving scheme | Dewey Decimal Classification |
| Koha item type | Book Bank |
| Withdrawn status | Lost status | Source of classification or shelving scheme | Damaged status | Not for loan | Collection code | Home library | Current library | Date acquired | Source of acquisition | Cost, normal purchase price | Bill Number | Total Checkouts | Acc. no. / Barcode | Date last seen | Bill Date | Koha item type |
|---|---|---|---|---|---|---|---|---|---|---|---|---|---|---|---|---|
| Dewey Decimal Classification | B.Tech(ECE) | PIET C-LIBRARY | PIET C-LIBRARY | 27/11/2012 | Bharat Publication | 240.00 | 2603 | BB9846 | 04/12/2019 | 27/11/2012 | Book Bank | |||||
| Dewey Decimal Classification | B.Tech(ECE) | PIET C-LIBRARY | PIET C-LIBRARY | 27/11/2012 | Bharat Publication | 240.00 | 2603 | BB9847 | 04/12/2019 | 27/11/2012 | Book Bank | |||||
| Dewey Decimal Classification | B.Tech(ECE) | PIET C-LIBRARY | PIET C-LIBRARY | 27/11/2012 | Bharat Publication | 240.00 | 2603 | BB9848 | 04/12/2019 | 27/11/2012 | Book Bank | |||||
| Dewey Decimal Classification | B.Tech(ECE) | PIET C-LIBRARY | PIET C-LIBRARY | 27/11/2012 | Bharat Publication | 240.00 | 2603 | BB9849 | 04/12/2019 | 27/11/2012 | Book Bank | |||||
| Dewey Decimal Classification | B.Tech(ECE) | PIET C-LIBRARY | PIET C-LIBRARY | 27/11/2012 | Bharat Publication | 240.00 | 2603 | BB9850 | 04/12/2019 | 27/11/2012 | Book Bank | |||||
| Dewey Decimal Classification | B.Tech(ECE) | PIET C-LIBRARY | PIET C-LIBRARY | 27/11/2012 | Bharat Publication | 240.00 | 2603 | BB9851 | 04/12/2019 | 27/11/2012 | Book Bank | |||||
| Dewey Decimal Classification | B.Tech(ECE) | PIET C-LIBRARY | PIET C-LIBRARY | 27/11/2012 | Bharat Publication | 240.00 | 2603 | BB9852 | 04/12/2019 | 27/11/2012 | Book Bank | |||||
| Dewey Decimal Classification | B.Tech(ECE) | PIET C-LIBRARY | PIET C-LIBRARY | 27/11/2012 | Bharat Publication | 240.00 | 2603 | BB9853 | 04/12/2019 | 27/11/2012 | Book Bank | |||||
| Dewey Decimal Classification | B.Tech(ECE) | PIET C-LIBRARY | PIET C-LIBRARY | 27/11/2012 | Bharat Publication | 240.00 | 2603 | BB9854 | 04/12/2019 | 27/11/2012 | Book Bank | |||||
| Dewey Decimal Classification | B.Tech(ECE) | PIET C-LIBRARY | PIET C-LIBRARY | 27/11/2012 | Bharat Publication | 240.00 | 2603 | BB9855 | 04/12/2019 | 27/11/2012 | Book Bank |